AH International Schools' Libraries

The tech family (KHMER) / (Record no. 50425)

MARC details
000 -LEADER
fixed length control field 00297nam a2200109 4500
020 ## - INTERNATIONAL STANDARD BOOK NUMBER
International Standard Book Number 9789924636045
100 ## - MAIN ENTRY--PERSONAL NAME
Personal name Keo, Piseth
9 (RLIN) 87372
245 ## - TITLE STATEMENT
Title The tech family (KHMER) /
Statement of responsibility, etc Piseth Keo
260 ## - PUBLICATION, DISTRIBUTION, ETC. (IMPRINT)
Place of publication, distribution, etc Cambodia
Name of publisher, distributor, etc Avatar Publishing
Date of publication, distribution, etc 2025
300 ## - PHYSICAL DESCRIPTION
Extent unpaged.
Other physical details col. ill.
Dimensions 26 cm.
942 ## - ADDED ENTRY ELEMENTS (KOHA)
Source of classification or shelving scheme
Koha item type Books/GRAPHICS
Holdings
Withdrawn status Lost status Source of classification or shelving scheme Damaged status Not for loan Collection code Home library Current library Date acquired Full call number Barcode Date last seen Price effective from Koha item type Total Checkouts
          Siem Riep Asian Hope Primary Library Asian Hope Primary Library 04/24/2026 KHMER GRAPHIX 600 KEO 208166 04/24/2026 04/24/2026 Books/GRAPHICS  
          Siem Riep Asian Hope Primary Library Asian Hope Primary Library 04/24/2026 KHMER GRAPHIX 600 KEO 209398 04/24/2026 04/24/2026 Books/GRAPHICS  

For any Logos Library related questions please contact Miss Art at swongnarasuk@asianhope.org.

For any Asian Hope Library related questions please contact Miss Raza at graza@asianhope.org.

Powered by Koha